000 00722nam a2200241 a 4500
008
020 _a0273602446 (pbk. )
049 _aMAIN
090 _aHF5549 HUM
245 0 0 _aHuman resource management :
_ba contemporary perspective /
_cedited by Ian Beardwell & Ian Holden.
260 _aLondon :
_bPitman,
_c1994.
300 _ax, 694 p. :
_bill. ;
_c25 cm.
500 _aIncludes index.
504 _aIncludes bibliographical references.
650 0 _aPersonnel management.
700 1 _aHolden, Len.
700 1 _aBeardwell, Ian.
907 _a.b10158996
_b30-04-07
_c10-03-05
003
005 20230123133952.0
040 _cNUST
942 _cBOOKS
_kHF5549 HUM
999 _c157734
_d157734